[Event "Saarland-ch Seniors 87th"]
[Site "Voelklingen"]
[Date "2012.04.05"]
[Round "7"]
[White "Ewen, Ewald"]
[Black "Fleckner, Hans"]
[Result "1/2-1/2"]
[WhiteElo "1343"]
[BlackElo "1917"]
[PlyCount "81"]
[EventDate "2012.03.30"]
[EventType "swiss"]
[EventRounds "7"]
[EventCountry "GER"]
[SourceTitle "EXT 2013"]
[Source "ChessBase"]
[SourceDate "2012.11.22"]
[SourceVersion "1"]
[SourceVersionDate "2012.11.22"]
[SourceQuality "1"]

1. c4 Nf6 2. Nc3 e6 3. Nf3 d5 4. cxd5 exd5 5. d4 c6 6. e3 Bd6 7. Be2 0-0 8. 0-0 Re8 9. a3 a5 10. Qb3 Qe7 11. Qd1 Nbd7 12. Bd2 Ne4 13. Qc1 Ndf6 14. Be1 Bg4 15. Qd1 Bc7 16. Nxe4 Nxe4 17. Nd2 Qd6 18. f4 Bxe2 19. Qxe2 Re7 20. Nxe4 Rxe4 21. Bd2 Rae8 22. Qd3 b6 23. Rf3 c5 24. dxc5 bxc5 25. Qf1 d4 26. Re1 Qe7 27. Qf2 Bb6 28. Kf1 c4 29. Qe2 dxe3 30. Bc3 Rd8 31. h3 Qd6 32. g4 Rxf4 33. Kg2 Rxf3 34. Qxf3 Qd5 35. Qxd5 Rxd5 36. Kf3 f6 37. Ke4 Rd7 38. Rf1 h6 39. Kf3 Kf7 40. Ke2 Rd5 41. Rf4 1/2-1/2

[Event "Saarland-ch Seniors 87th"]
[Site "Voelklingen"]
[Date "2012.03.31"]
[Round "2"]
[White "Fleckner, Hans"]
[Black "Siebert, Viktor"]
[Result "0-1"]
[WhiteElo "1917"]
[BlackElo "2058"]
[PlyCount "56"]
[EventDate "2012.03.30"]
[EventType "swiss"]
[EventRounds "7"]
[EventCountry "GER"]
[SourceTitle "EXT 2013"]
[Source "ChessBase"]
[SourceDate "2012.11.22"]
[SourceVersion "1"]
[SourceVersionDate "2012.11.22"]
[SourceQuality "1"]

1. e4 e5 2. Nf3 Nc6 3. Bb5 a6 4. Ba4 Nf6 5. 0-0 Be7 6. Re1 b5 7. Bb3 0-0 8. c3 d5 9. exd5 Nxd5 10. Nxe5 Nxe5 11. Rxe5 c6 12. d4 Bd6 13. Re1 Qh4 14. g3 Qh3 15. Re4 g5 16. Nd2 Bf5 17. Qf3 Rae8 18. Bc2 Nf6 19. Re5 Bxc2 20. Qxf6 Bxe5 21. dxe5 Qf5 22. Nf3 Qxf6 23. exf6 g4 24. Nd4 Re1+ 25. Kg2 Be4+ 26. f3 Bxf3+ 27. Kf2 Rfe8 28. a4 c5 0-1

[Event "Bad Bertrich Seniors op 17th"]
[Site "Bad Bertrich"]
[Date "2009.12.06"]
[Round "3"]
[White "Van Houten, Henk"]
[Black "Fleckner, Hans"]
[Result "1/2-1/2"]
[WhiteElo "1680"]
[BlackElo "1738"]
[PlyCount "49"]
[EventDate "2009.12.04"]
[EventType "swiss"]
[EventRounds "9"]
[EventCountry "GER"]
[SourceTitle "EXT 2022"]
[Source "ChessBase"]
[SourceDate "2021.10.06"]
[SourceVersion "1"]
[SourceVersionDate "2021.10.06"]
[SourceQuality "1"]

1. b3 e5 2. Bb2 Nc6 3. c4 Nf6 4. a3 d6 5. d3 g6 6. e3 Bg7 7. Nc3 0-0 8. Qc2 Be6 9. Nf3 d5 10. cxd5 Nxd5 11. Nxd5 Qxd5 12. Nd2 Rac8 13. Qc4 Qd6 14. Qc3 f6 15. Be2 Ne7 16. Ne4 Qb6 17. Nc5 Rfd8 18. Nxe6 Qxe6 19. 0-0 c6 20. Qc4 Qxc4 21. bxc4 c5 22. Bc3 b6 23. g4 Rc7 24. Rad1 Rcd7 25. f4 1/2-1/2

[Event "Bad Woerishofen Seniors op 24th"]
[Site "Bad Woerishofen"]
[Date "2008.02.29"]
[Round "2"]
[White "Gestrich, Wolfgang"]
[Black "Fleckner, Hans"]
[Result "0-1"]
[WhiteElo "1761"]
[BlackElo "1981"]
[PlyCount "98"]
[EventDate "2008.02.28"]
[EventType "swiss"]
[EventRounds "9"]
[EventCountry "GER"]
[SourceTitle "EXT 2019"]
[Source "ChessBase"]
[SourceDate "2018.10.10"]
[SourceVersion "1"]
[SourceVersionDate "2018.10.10"]
[SourceQuality "1"]

1. c4 Nf6 2. Nc3 e5 3. e4 Bc5 4. h3 d6 5. d3 h6 6. g3 0-0 7. Bg2 Nc6 8. Nge2 Be6 9. 0-0 a5 10. a3 Ne7 11. Kh2 Nh7 12. f4 f6 13. f5 Bf7 14. g4 Kh8 15. Qe1 c6 16. Qg3 d5 17. Na4 Ba7 18. Be3 Bxe3 19. Qxe3 dxc4 20. dxc4 Bxc4 21. Rfd1 Qe8 22. Rd2 Bxe2 23. Rxe2 Qd8 24. Rd2 Qc7 25. Nc5 Qb6 26. Qc3 Rfd8 27. Rad1 Rxd2 28. Rxd2 Nf8 29. Nd7 Qc7 30. Nxf8 Rxf8 31. Qd3 Rc8 32. Qd7 c5 33. Qe6 Rd8 34. Rxd8+ Qxd8 35. Qb3 b6 36. Kg3 Nc6 37. Qd5 Qxd5 38. exd5 Nb8 39. Kf3 Kg8 40. Ke3 Kf8 41. Kd3 b5 42. b3 Ke7 43. Bf1 Kd6 44. Ke4 b4 45. a4 Nd7 46. Bb5 Nb6 47. Bc4 Nxc4 48. bxc4 b3 49. Kd3 e4+ 0-1

[Event "Saarland-ch Seniors 26th"]
[Site "Germany"]
[Date "2007.04.01"]
[Round "3"]
[White "Gimber, Robert"]
[Black "Fleckner, Hans"]
[Result "0-1"]
[WhiteElo "1745"]
[BlackElo "1785"]
[PlyCount "74"]
[EventDate "2007.03.30"]
[EventType "swiss"]
[EventRounds "9"]
[EventCountry "GER"]
[SourceTitle "EXT 2008"]
[Source "ChessBase"]
[SourceDate "2007.11.25"]
[SourceVersion "1"]
[SourceVersionDate "2007.11.25"]
[SourceQuality "1"]

1. Nf3 c5 2. e4 Nc6 3. d4 cxd4 4. Nxd4 Nf6 5. Nc3 g6 6. Bf4 Qb6 7. Nb3 d6 8. Be2 Bg7 9. 0-0 0-0 10. Be3 Qd8 11. f4 e6 12. Bf3 Ne8 13. Qd2 Nf6 14. Rad1 d5 15. exd5 exd5 16. Nxd5 Nxd5 17. Bxd5 Bg4 18. Rb1 Qc7 19. h3 Bf5 20. g4 Bd7 21. c3 Rad8 22. Qf2 Ne7 23. Bg2 b6 24. Nd4 Rfe8 25. Rbd1 Nc6 26. Nb5 Qb8 27. Rxd7 Rxd7 28. Bxc6 Rde7 29. Bxe8 Rxe8 30. Rd1 Bf8 31. Nd4 Qb7 32. Re1 Qd5 33. b3 Rc8 34. c4 Qd7 35. Qf3 Bc5 36. Nb5 Re8 37. Kg2 Qd3 0-1

[Event "Saarland-ch Seniors 26th"]
[Site "Germany"]
[Date "2007.03.30"]
[Round "1"]
[White "Fleckner, Hans"]
[Black "Backes, Robert"]
[Result "1-0"]
[WhiteElo "1785"]
[BlackElo "1526"]
[PlyCount "127"]
[EventDate "2007.03.30"]
[EventType "swiss"]
[EventRounds "9"]
[EventCountry "GER"]
[SourceTitle "EXT 2008"]
[Source "ChessBase"]
[SourceDate "2007.11.25"]
[SourceVersion "1"]
[SourceVersionDate "2007.11.25"]
[SourceQuality "1"]

1. e4 c5 2. Nf3 Nc6 3. d4 cxd4 4. Nxd4 d6 5. Nc3 a6 6. Be2 Nf6 7. 0-0 g6 8. Be3 Bg7 9. Kh1 0-0 10. Rb1 Ne5 11. f3 b5 12. f4 Nc4 13. Bxc4 bxc4 14. Qe2 Qc7 15. Nf3 Bb7 16. Bd4 e6 17. e5 Nh5 18. Nd2 Nxf4 19. Rxf4 dxe5 20. Bxe5 Qxe5 21. Qxe5 Bxe5 22. Rxc4 Rac8 23. Ne2 Bd5 24. Rxc8 Rxc8 25. c3 Bxa2 26. Ra1 Rd8 27. Nf3 Bc4 28. Ned4 Bxd4 29. Nxd4 Rd6 30. Kg1 f6 31. Kf2 e5 32. Nf3 Rb6 33. b4 Kf7 34. Ra5 Rc6 35. Rxe5 Bb5 36. Re3 h5 37. h4 Re6 38. Nd4 Rxe3 39. Kxe3 Ke7 40. Nf3 Kd6 41. Kd4 Bf1 42. g3 Be2 43. Nd2 Bb5 44. c4 Bc6 45. Nb3 g5 46. Nc5 gxh4 47. gxh4 f5 48. Nxa6 f4 49. Nc5 f3 50. Ke3 Ba8 51. Nd3 Bb7 52. Nf4 Ba6 53. b5 Bb7 54. Nd3 Ke6 55. Kf4 Kd6 56. Ke3 Ke6 57. Nf2 Kd6 58. Kd4 Bc8 59. c5+ Kc7 60. Ke3 Bd7 61. b6+ Kb7 62. Kxf3 Bc8 63. Ke3 Kc6 64. Kd4 1-0

[Event "Bad Woerishofen Seniors opA 23rd"]
[Site "Bad Woerishofen"]
[Date "2007.03.16"]
[Round "9"]
[White "Fleckner, Hans"]
[Black "Grom, Waldemar"]
[Result "0-1"]
[WhiteElo "2007"]
[BlackElo "2024"]
[PlyCount "80"]
[EventDate "2007.03.08"]
[EventType "swiss"]
[EventRounds "9"]
[EventCountry "GER"]
[SourceTitle "EXT 2008"]
[Source "ChessBase"]
[SourceDate "2007.11.25"]
[SourceVersion "1"]
[SourceVersionDate "2007.11.25"]
[SourceQuality "1"]

1. e4 c5 2. Nf3 e6 3. d4 cxd4 4. Nxd4 a6 5. Bd3 Nf6 6. 0-0 Qc7 7. c4 Be7 8. Nd2 d6 9. b3 Nbd7 10. Bb2 0-0 11. Rc1 b6 12. Qe2 Bb7 13. Bb1 g6 14. f4 Qc5 15. Kh1 e5 16. Nc2 exf4 17. Rxf4 Ne5 18. Nd4 Nh5 19. Rff1 Bg5 20. Rcd1 Bc8 21. Nf5 Nf4 22. Rxf4 Bxf4 23. Ne7+ Kg7 24. Nf3 f6 25. Bd4 Qa3 26. Nd5 Bh6 27. Nc7 Rb8 28. Nd5 b5 29. Nxf6 Kxf6 30. Nxe5 dxe5 31. Bb2 Qa5 32. Rd5 Re8 33. Qf2+ Kg7 34. Rxe5 Rxe5 35. Bxe5+ Kg8 36. Bxb8 bxc4 37. h3 cxb3 38. Qb2 Be6 39. axb3 Qe1+ 40. Kh2 Be3 0-1

[Event "Bad Woerishofen Seniors opA 23rd"]
[Site "Bad Woerishofen"]
[Date "2007.03.10"]
[Round "3"]
[White "Fleckner, Hans"]
[Black "Teichmeister, Sven"]
[Result "0-1"]
[WhiteElo "1796"]
[BlackElo "2067"]
[PlyCount "70"]
[EventDate "2007.03.08"]
[EventType "swiss"]
[EventRounds "9"]
[EventCountry "GER"]
[SourceTitle "EXT 2022"]
[Source "ChessBase"]
[SourceDate "2021.10.06"]
[SourceVersion "1"]
[SourceVersionDate "2021.10.06"]
[SourceQuality "1"]

1. e4 c5 2. Nf3 g6 3. d4 cxd4 4. Nxd4 Nc6 5. Nc3 Bg7 6. Be3 Nf6 7. Bc4 0-0 8. h3 Nxe4 9. Bxf7+ Rxf7 10. Nxe4 Qb6 11. Nb3 Qb4+ 12. Ned2 Bxb2 13. Rb1 Bg7 14. 0-0 b6 15. Nf3 Qc4 16. Nbd2 Qd5 17. c4 Qh5 18. Ne4 Ne5 19. Neg5 Nxf3+ 20. gxf3 Rf5 21. Rb5 e6 22. Rxf5 gxf5 23. Kh2 Be5+ 24. Kh1 Kf8 25. Qd2 h6 26. Nxe6+ dxe6 27. Bxh6+ Kf7 28. Kg2 f4 29. Bxf4 Bxf4 30. Qxf4+ Qf5 31. Qc7+ Kf6 32. Rg1 e5 33. Qc6+ Be6 34. Kf1 Qd3+ 35. Ke1 Rd8 0-1

[Event "GER-ch Seniors 18th"]
[Site "Dresden"]
[Date "2006.07.29"]
[Round "8"]
[White "Riesenbeck, Juergen"]
[Black "Fleckner, Hans"]
[Result "1/2-1/2"]
[WhiteElo "1920"]
[BlackElo "1808"]
[PlyCount "74"]
[EventDate "2006.07.22"]
[EventType "swiss"]
[EventRounds "9"]
[EventCountry "GER"]
[SourceTitle "EXT 2022"]
[Source "ChessBase"]
[SourceDate "2021.10.06"]
[SourceVersion "1"]
[SourceVersionDate "2021.10.06"]
[SourceQuality "1"]

1. e4 c5 2. c3 Nf6 3. d3 Nc6 4. Be3 e6 5. Be2 d5 6. Qc2 d4 7. Bg5 Be7 8. Nf3 e5 9. Nbd2 Be6 10. 0-0 0-0 11. Bh4 Nd7 12. Bxe7 Qxe7 13. c4 f5 14. exf5 Bxf5 15. Ne1 Nf6 16. Bf3 Nb4 17. Qb1 Rae8 18. a3 Nxd3 19. Nxd3 e4 20. Re1 Qc7 21. Nxc5 Qxc5 22. Nxe4 Nxe4 23. Bxe4 Bxe4 24. Rxe4 Qxc4 25. f3 Rd8 26. Rh4 h6 27. Qe4 Rf7 28. Rd1 Qc5 29. b4 Qb6 30. Kf2 d3+ 31. Qe3 Qf6 32. Re4 Qb2+ 33. Rd2 Qc3 34. Re8+ Rxe8 35. Qxe8+ Kh7 36. Ke3 Qa1 37. Kf2 Qc3 1/2-1/2

[Event "GER-ch Seniors 18th"]
[Site "Dresden"]
[Date "2006.07.23"]
[Round "2"]
[White "Minz, Michail"]
[Black "Fleckner, Hans"]
[Result "1-0"]
[WhiteElo "2018"]
[BlackElo "1807"]
[PlyCount "59"]
[EventDate "2006.07.22"]
[EventType "swiss"]
[EventRounds "9"]
[EventCountry "GER"]
[SourceTitle "EXT 2022"]
[Source "ChessBase"]
[SourceDate "2021.10.06"]
[SourceVersion "1"]
[SourceVersionDate "2021.10.06"]
[SourceQuality "1"]

1. e4 c5 2. Nc3 Nc6 3. g3 g6 4. Bg2 Bg7 5. d3 d6 6. Be3 e5 7. Nge2 Nge7 8. Qd2 Qa5 9. 0-0 Nd4 10. Rab1 Be6 11. a3 Nec6 12. Kh1 h5 13. h4 Rc8 14. Ng1 b5 15. f4 b4 16. Bxd4 Nxd4 17. Nd1 Qa4 18. Ne3 Bh6 19. axb4 Qxb4 20. c3 Nb3 21. Qf2 Qb7 22. f5 0-0 23. fxe6 fxe6 24. Qe2 Qe7 25. Rxf8+ Rxf8 26. Rf1 Rf6 27. Rxf6 Qxf6 28. Nc4 Nc1 29. Qf1 Qe7 30. Nh3 1-0

[Event "Saarland-ch Seniors 25th "]
[Site "Wadg/Hostenbach"]
[Date "2006.04.11"]
[Round "5"]
[White "Fleckner, Hans"]
[Black "Schampel, Arno"]
[Result "1-0"]
[WhiteElo "1775"]
[BlackElo "1758"]
[PlyCount "135"]
[EventDate "2006.04.07"]
[EventType "swiss"]
[EventRounds "9"]
[EventCountry "GER"]
[SourceTitle "EXT 2007"]
[Source "ChessBase"]
[SourceDate "2006.11.23"]
[SourceVersion "1"]
[SourceVersionDate "2006.11.23"]
[SourceQuality "1"]

1. e4 c5 2. Nf3 d6 3. d4 cxd4 4. Nxd4 Nf6 5. Nc3 a6 6. Bg5 e5 7. Nb3 Be6 8. Qd2 Be7 9. 0-0-0 Qc7 10. Bxf6 gxf6 11. Nd5 Bxd5 12. Qxd5 Nd7 13. Bc4 0-0 14. Qd3 Rac8 15. Qg3+ Kh8 16. Bd3 Rg8 17. Qf3 b5 18. Kb1 a5 19. c3 a4 20. Nd2 Qb6 21. Bc2 Nc5 22. h4 Ne6 23. g3 b4 24. c4 Nd4 25. Qe3 Qa6 26. Bd3 Qb7 27. Rc1 b3 28. a3 Bd8 29. c5 dxc5 30. Nc4 Be7 31. f4 Qc7 32. fxe5 fxe5 33. Rhf1 f6 34. Rf2 Rg4 35. Rg2 Rcg8 36. Rcg1 Qd8 37. Nd2 R8g7 38. Nf1 Qg8 39. Nd2 Qf7 40. Qf2 Bd8 41. Nc4 Qd7 42. Ne3 R4g6 43. Bc4 Qd6 44. Rd1 Qf8 45. g4 Qe7 46. Nf5 Nxf5 47. Qxf5 Qe8 48. Qc8 Rg8 49. Bxg8 Rxg8 50. Rgd2 Ba5 51. Qxe8 Rxe8 52. Rd7 c4 53. Ra7 c3 54. bxc3 Bxc3 55. Rdd7 Rc8 56. Rxh7+ Kg8 57. Rac7 Rxc7 58. Rxc7 Bd4 59. h5 Be3 60. Rc4 Kh7 61. Rxa4 Kh6 62. Kb2 Kg5 63. Ra6 Kxg4 64. Rxf6 Kxh5 65. Kxb3 Bd4 66. Kb4 Kg5 67. Rf5+ Kg4 68. a4 1-0

[Event "Bad Woerishofen Seniors opA 22th"]
[Site "Bad Woerishofen"]
[Date "2006.03.23"]
[Round "7"]
[White "Dallmeier, Gerhard"]
[Black "Fleckner, Hans"]
[Result "0-1"]
[WhiteElo "1651"]
[BlackElo "1695"]
[PlyCount "44"]
[EventDate "2006.03.17"]
[EventType "swiss"]
[EventRounds "9"]
[EventCountry "GER"]
[SourceTitle "EXT 2022"]
[Source "ChessBase"]
[SourceDate "2021.10.06"]
[SourceVersion "1"]
[SourceVersionDate "2021.10.06"]
[SourceQuality "1"]

1. e4 c5 2. Nf3 Nc6 3. d4 cxd4 4. Nxd4 Nf6 5. Nc3 g6 6. Be3 Bg7 7. Bc4 0-0 8. f3 Qb6 9. Bb5 Nxe4 10. Bxc6 Nxc3 11. bxc3 dxc6 12. Qc1 Qa5 13. Bd2 Qc5 14. Ne2 Be6 15. a4 Bc4 16. Qa3 Qe5 17. 0-0-0 Qxe2 18. Rde1 Qxg2 19. Qxe7 Rad8 20. Qe3 Rxd2 21. Qxd2 Qxd2+ 22. Kxd2 Bh6+ 0-1

[Event "Bad Woerishofen Seniors opA 22th"]
[Site "Bad Woerishofen"]
[Date "2006.03.17"]
[Round "1"]
[White "Fahnenschmidt, Gerhard"]
[Black "Fleckner, Hans"]
[Result "1-0"]
[WhiteElo "2011"]
[BlackElo "1695"]
[PlyCount "80"]
[EventDate "2006.03.17"]
[EventType "swiss"]
[EventRounds "9"]
[EventCountry "GER"]
[SourceTitle "EXT 2022"]
[Source "ChessBase"]
[SourceDate "2021.10.06"]
[SourceVersion "1"]
[SourceVersionDate "2021.10.06"]
[SourceQuality "1"]

1. c4 Nf6 2. Nc3 e6 3. e4 d6 4. d4 Be7 5. Nf3 0-0 6. Bd3 Nbd7 7. 0-0 e5 8. b3 exd4 9. Nxd4 Ne5 10. Be2 b6 11. f4 Ng6 12. Nc6 Qe8 13. Nxe7+ Qxe7 14. Bf3 Rb8 15. Bb2 Nxf4 16. Qd2 Ng6 17. Rac1 Bb7 18. Nd5 Bxd5 19. cxd5 Rbc8 20. Rfe1 Ne5 21. Re3 Rfe8 22. Qe2 Qd7 23. Qc2 Re7 24. Be2 Nfg4 25. Rg3 Nf6 26. Ba6 Rce8 27. a4 c6 28. dxc6 Qc7 29. Bc4 d5 30. Bxd5 Nxd5 31. exd5 Ng6 32. Rf3 Re2 33. Qc3 f6 34. Rcf1 Qd6 35. R3f2 R2e3 36. Qc1 Qxd5 37. c7 Qa8 38. Qc4+ Kh8 39. Rxf6 Ne5 40. Rf8+ Rxf8 1-0

[Event "GER-chT Seniors 13th"]
[Site "Dresden"]
[Date "2004.08.03"]
[Round "3"]
[White "Fleckner, Hans"]
[Black "Grabitz, Georg"]
[Result "0-1"]
[WhiteElo "2014"]
[BlackElo "2157"]
[PlyCount "60"]
[EventDate "2004.08.01"]
[EventType "team-tourn"]
[EventRounds "7"]
[EventCountry "GER"]
[SourceTitle "CBM 103 Extra"]
[Source "ChessBase"]
[SourceDate "2005.01.01"]
[SourceVersion "1"]
[SourceVersionDate "2005.01.01"]
[SourceQuality "1"]

1. e4 c5 2. Nf3 a6 3. c3 b5 4. d4 Bb7 5. Bd3 e6 6. 0-0 Nf6 7. Re1 Be7 8. Nbd2 d6 9. Nf1 Nbd7 10. Ng3 0-0 11. Bf4 Re8 12. e5 dxe5 13. dxe5 Nd5 14. Bc1 h6 15. Bb1 Bf8 16. Ng5 hxg5 17. Qh5 g6 18. Bxg6 fxg6 19. Qxg6+ Bg7 20. Bxg5 Nf8 21. Qh5 Qc7 22. f4 Qf7 23. Qg4 Nh7 24. Bh4 Qxf4 25. Qh5 Ne3 26. Rf1 Nxf1 27. Rxf1 Qe3+ 28. Kh1 Rf8 29. Bf6 Nxf6 30. exf6 Rxf6 0-1

[Event "Saarlouis op 7th"]
[Site "Saarlouis"]
[Date "2004.05.22"]
[Round "5"]
[White "Fleckner, Hans"]
[Black "Goelz, Daniel"]
[Result "1-0"]
[WhiteElo "2044"]
[BlackElo "1680"]
[PlyCount "71"]
[EventDate "2004.05.19"]
[EventType "swiss"]
[EventRounds "7"]
[EventCountry "GER"]
[SourceTitle "EXT 2006"]
[Source "ChessBase"]
[SourceDate "2005.11.24"]
[SourceVersion "1"]
[SourceVersionDate "2005.11.24"]
[SourceQuality "1"]

1. e4 c5 2. Nf3 Nc6 3. d4 cxd4 4. Nxd4 Nf6 5. Nc3 e5 6. Ndb5 d6 7. Bg5 a6 8. Na3 Be6 9. Nd5 Qa5+ 10. Bd2 Qd8 11. Nxf6+ gxf6 12. Bd3 Qd7 13. Nc4 Qc7 14. Ne3 0-0-0 15. c4 Re8 16. Nd5 Qd8 17. b4 Rg8 18. b5 axb5 19. cxb5 Nd4 20. Rc1+ Kb8 21. Qa4 Bxd5 22. exd5 b6 23. Be2 Re7 24. Be3 Ra7 25. Qc4 Rxg2 26. Bxd4 exd4 27. Qxd4 Rxa2 28. Kf1 Rg5 29. h4 Re5 30. Bd3 f5 31. Rc6 Kb7 32. Kg2 Be7 33. Ra1 Rxa1 34. Qxa1 Qg8+ 35. Kh2 Qa8 36. Rc7+ 1-0

[Event "Saarlouis op 7th"]
[Site "Saarlouis"]
[Date "2004.05.20"]
[Round "3"]
[White "Fleckner, Hans"]
[Black "Ecker, Rene"]
[Result "1/2-1/2"]
[WhiteElo "2044"]
[BlackElo "1820"]
[PlyCount "34"]
[EventDate "2004.05.19"]
[EventType "swiss"]
[EventRounds "7"]
[EventCountry "GER"]
[SourceTitle "EXT 2006"]
[Source "ChessBase"]
[SourceDate "2005.11.24"]
[SourceVersion "1"]
[SourceVersionDate "2005.11.24"]
[SourceQuality "1"]

1. e4 c6 2. d4 d5 3. Nd2 dxe4 4. Nxe4 Bf5 5. Ng3 Bg6 6. h4 h6 7. Nf3 Nd7 8. h5 Bh7 9. Bd3 Bxd3 10. Qxd3 Qc7 11. Bd2 Ngf6 12. 0-0-0 0-0-0 13. Ne4 Nxe4 14. Qxe4 e6 15. Kb1 Bd6 16. g3 Nf6 17. Qe2 Nd7 1/2-1/2

[Event "Saarland-ch Seniors 23rd"]
[Site "Saarlouis"]
[Date "2004.04.09"]
[Round "8"]
[White "Fleckner, Hans"]
[Black "Schampel, Arno"]
[Result "1-0"]
[WhiteElo "2044"]
[BlackElo "1657"]
[PlyCount "83"]
[EventDate "2004.04.02"]
[EventType "swiss"]
[EventRounds "9"]
[EventCountry "GER"]
[SourceTitle "CBM 099 Extra"]
[Source "ChessBase"]
[SourceDate "2004.05.04"]
[SourceVersion "1"]
[SourceVersionDate "2004.05.04"]
[SourceQuality "1"]

1. e4 d6 2. d4 Nf6 3. Nc3 g6 4. f4 Bg7 5. Nf3 0-0 6. Bd3 a6 7. 0-0 Bg4 8. Be3 Nc6 9. a3 e5 10. d5 Ne7 11. fxe5 dxe5 12. h3 Bxf3 13. Qxf3 Ne8 14. Ne2 c6 15. c4 cxd5 16. cxd5 Rc8 17. Rac1 Rxc1 18. Rxc1 f5 19. Bc5 Nd6 20. Qe3 f4 21. Qf3 Qd7 22. b4 b5 23. Kh2 Nf7 24. Ng1 Bh6 25. Bxe7 Qxe7 26. Rc6 a5 27. Rc5 axb4 28. axb4 Nd6 29. Qg4 Ra8 30. Nf3 Ra3 31. Bxb5 Nxe4 32. Qc8+ Bf8 33. Rc7 Qf6 34. Qd7 Bg7 35. Qe8+ Bf8 36. Nxe5 Nd6 37. Qd7 Bg7 38. Ng4 Qf8 39. Nh6+ Kh8 40. Nf7+ Qxf7 41. Qxd6 Bf8 42. Qe5+ 1-0

[Event "Saarland-ch Seniors 23rd"]
[Site "Saarlouis"]
[Date "2004.04.07"]
[Round "6"]
[White "Passeier, Helmut"]
[Black "Fleckner, Hans"]
[Result "1/2-1/2"]
[WhiteElo "1873"]
[BlackElo "2044"]
[PlyCount "25"]
[EventDate "2004.04.02"]
[EventType "swiss"]
[EventRounds "9"]
[EventCountry "GER"]
[SourceTitle "CBM 099 Extra"]
[Source "ChessBase"]
[SourceDate "2004.05.04"]
[SourceVersion "1"]
[SourceVersionDate "2004.05.04"]
[SourceQuality "1"]

1. d4 Nf6 2. c4 e6 3. Nc3 Bb4 4. Qc2 d5 5. e3 0-0 6. Bd3 Nbd7 7. Nf3 b6 8. 0-0 Bxc3 9. bxc3 Bb7 10. cxd5 exd5 11. Ne5 Re8 12. f4 Ne4 13. c4 1/2-1/2

[Event "Saarland-ch Seniors 23rd"]
[Site "Saarlouis"]
[Date "2004.04.05"]
[Round "4"]
[White "Becking, Alfred"]
[Black "Fleckner, Hans"]
[Result "1-0"]
[WhiteElo "2069"]
[BlackElo "2044"]
[PlyCount "41"]
[EventDate "2004.04.02"]
[EventType "swiss"]
[EventRounds "9"]
[EventCountry "GER"]
[SourceTitle "CBM 099 Extra"]
[Source "ChessBase"]
[SourceDate "2004.05.04"]
[SourceVersion "1"]
[SourceVersionDate "2004.05.04"]
[SourceQuality "1"]

1. d4 Nf6 2. Nf3 e6 3. Bf4 d5 4. e3 c6 5. Bd3 Nbd7 6. Nbd2 Be7 7. Ne5 0-0 8. Qf3 Nxe5 9. dxe5 Nd7 10. Qh3 f5 11. exf6 Nxf6 12. Be5 h6 13. 0-0-0 c5 14. c3 Qa5 15. Kb1 Bd7 16. f4 b5 17. g4 b4 18. g5 b3 19. Nxb3 Qb6 20. gxf6 Bxf6 21. Rhg1 1-0